Movies of 2003 Quiz Stats

 Plays Quiz Updated Dec 29, 2018

Support Sporcle.
Go Orange.
Score 0/16 Timer 06:00
1 Play Today
Picture Movie % Correct
Finding Nemo
98.6%
Elf
97.2%
The School of Rock
93.8%
Pirates of the Caribbean: The Curse of the Black Pearl
89.6%
Kill Bill: Vol. 1
88.3%
Bruce Almighty
82%
The Lord of the Rings: The Return of the King
70.3%
The Last Samurai
70.2%
Picture Movie % Correct
Old School
60.3%
Lost in Translation
59.9%
Monster
58.4%
Master and Commander
54.2%
Underworld
51.7%
Mystic River
34.9%
Big Fish
33.2%
Cold Mountain
26.6%

You're not logged in!

Compare scores with friends on all Sporcle quizzes.
OR
Log In
Forgot?

From the Vault

Multi-Category Minefield Blitz XII

by MSpitzig

At some point, we should create a multi-category minefield blitz just about previous quizzes in this series.
Remove Ads.
Support Sporcle.
Get the best of Sporcle when you Go Orange. This ad-free experience offers more features, more stats, and more fun while also helping to support Sporcle. Thank you for becoming a member.

Show Comments

Extras

Top Quizzes Today


Score Distribution

Your Account Isn't Verified!

In order to create a playlist on Sporcle, you need to verify the email address you used during registration. Go to your Sporcle Settings to finish the process.

Report this User

Report this user for behavior that violates our Community Guidelines.

Details: